|
|
|
|
| LEADER |
00000ny a22000003n 4500 |
| 005 |
20110603133652.0 |
| 008 |
080613s2001 sp s 000 0 spa c |
| 020 |
|
|
|a 8484291103
|
| 035 |
|
|
|a 1417
|
| 040 |
|
|
|a UMA.RE
|d vLex
|
| 080 |
|
|
|a 34(460.23)(091)(0.034)
|
| 090 |
|
|
|c 443
|d 443
|
| 100 |
1 |
|
|a Ferro Pom,̉ Vc̕tor
|
| 245 |
1 |
0 |
|a Histṛia del dret catal ̉
|h [Recurso electrn̤ico]
|c Toms̀ de Montagut Estraguš (coordinador) ; [Vc̕tor Ferro Pom,̉ Josep Serrano Daura]
|
| 256 |
|
|
|a Servicio en ln̕ea
|
| 260 |
|
|
|a [Barcelona] :
|b UOC,
|c 2001
|
| 506 |
1 |
|
|a Contenido solo disponible en los productos indicados
|d vLex Global
|d vLex Global (Academic Edition, excluding Law Schools)
|d vLex Global (U.S. Academic Edition, Law Schools)
|d vLex Global (U.S. Academic Edition, excluding Law Schools)
|d vLex Global (Academic Edition, Law Schools)
|
| 650 |
0 |
7 |
|a Historia del derecho
|2 Tesauro vLex
|
| 650 |
0 |
7 |
|a Derecho foral de Cataluą
|2 Tesauro vLex
|
| 700 |
1 |
|
|a Montagut Estraguš, Toms̀ de,
|e coord
|
| 700 |
1 |
|
|a Serrano Daura, Josep
|
| 710 |
2 |
|
|a Universitat Oberta de Catalunya
|
| 740 |
0 |
|
|a vLex Libros (Servicios en ln̕ea)
|
| 856 |
4 |
0 |
|u http://vlex.com/source/1417
|z Acceso restringido
|
| 942 |
|
|
|c BOOK
|
| 999 |
0 |
|
|a Law
|b Barcelona
|